| 000 | 01448nam a2200361 a 4500 | ||
|---|---|---|---|
| 001 | ebr10498800 | ||
| 003 | CaPaEBR | ||
| 006 | m u | ||
| 007 | cr cn||||||||| | ||
| 008 | 080821s2008 ne a sb 000 0 eng d | ||
| 010 | _z 2008423437 | ||
| 020 | _z9789069845494 | ||
| 020 | _z9789048521685 (e-book) | ||
| 040 |
_aCaPaEBR _cCaPaEBR |
||
| 035 | _a(OCoLC)755009582 | ||
| 043 | _ae------ | ||
| 050 | 1 | 4 |
_aHQ755.86 _b.F64 2008eb |
| 100 | 1 | _aFokkema, Tineke. | |
| 245 | 1 | 0 |
_aSolidarity between parents and their adult children in Europe _h[electronic resource] / _cTineke Fokkema, Susan ter Bekke, Pearl A. Dykstra. |
| 260 |
_aAmsterdam : _bKNAW Press, _c2008. |
||
| 300 |
_axv, 112 p. : _bill. |
||
| 490 | 1 |
_aNiDi report, _x0922-7210 ; _vno. 76 |
|
| 504 | _aIncludes bibliographical references. | ||
| 533 |
_aElectronic reproduction. _bPalo Alto, Calif. : _cebrary, _d2011. _nAvailable via World Wide Web. _nAccess may be limited to ebrary affiliated libraries. |
||
| 650 | 0 |
_aParent and adult child _zEurope _vCase studies. |
|
| 655 | 7 |
_aElectronic books. _2local |
|
| 700 | 1 | _aBekke, Susan ter. | |
| 700 | 1 |
_aDykstra, Pearl A. _q(Pearl Annette), _d1956- |
|
| 710 | 2 | _aNederlands Interdisciplinair Demografisch Instituut. | |
| 710 | 2 | _aebrary, Inc. | |
| 830 | 0 |
_aNiDi rapport ; _vnr. 76. |
|
| 856 | 4 | 0 |
_uhttp://site.ebrary.com/lib/rucke/Doc?id=10498800 _zAn electronic book accessible through the World Wide Web; click to view |
| 999 |
_c242626 _d242626 |
||